000 00464nam a2200157Ia 4500
008 240729s9999 xx 000 0 und d
022 _a2652-4074
245 0 _aLaw, Technology and Humans
260 _aAustralia
260 _bQueensland University of Technology
650 _a Law in general. Comparative and uniform law. Jurisprudence
650 _aLaw
856 _uhttps://doaj.org/toc/e85bb6e13cf3488b9b169662653eb001
942 _2ddc
942 _cDOAJEJ
999 _c70607
_d70607
945 _a1
_bMadushi Gamage
_c1
_dMadushi Gamage